[Event "IECC CL6-2004.15 email"]
[Site "IECC email"]
[Date "2004.07.25"]
[Round "?"]
[White "Ogun, Akin"]
[Black "Wisse, Douglas"]
[Result "0-1"]
[WhiteElo "1349"]
[BlackElo "1312"]
[PlyCount "60"]
[EventDate "2004.??.??"]
[EventType "tourn (corr)"]
[EventRounds "4"]
[SourceTitle "Corr 2008"]
[Source "ChessBase"]
[SourceDate "2008.06.24"]
[SourceVersion "1"]
[SourceVersionDate "2008.06.24"]
[SourceQuality "1"]

1. Nf3 c5 2. g3 Nc6 3. Bg2 e5 4. e4 Nf6 5. 0-0 Be7 6. Re1 0-0 7. d3 d6 8. b3 h6 9. c4 Bg4 10. Bb2 Qd7 11. Nc3 Nd4 12. Nd5 Nxd5 13. exd5 Nxf3+ 14. Bxf3 Bh3 15. a3 b6 16. Qe2 Bg5 17. b4 Rfe8 18. Bg2 Bxg2 19. Kxg2 f5 20. Qf3 cxb4 21. axb4 Bd2 22. Re2 Bxb4 23. Qh5 a5 24. Ba3 Bxa3 25. Rxa3 f4 26. Rb2 Qc7 27. Qg6 Rf8 28. Rd2 f3+ 29. Kf1 b5 30. cxb5 Qc1+ 0-1

[Event "IECC M-4985"]
[Site "IECC email"]
[Date "2004.03.21"]
[Round "?"]
[White "Ogun, Akin"]
[Black "Van Belle, Coos"]
[Result "1-0"]
[WhiteElo "1300"]
[BlackElo "1518"]
[PlyCount "83"]
[EventDate "2004.??.??"]
[EventType "tourn (corr)"]
[EventRounds "10"]
[SourceTitle "Corr 2020"]
[Source "ChessBase"]
[SourceDate "2019.09.30"]
[SourceVersion "1"]
[SourceVersionDate "2019.09.30"]
[SourceQuality "1"]
[WhiteTeam "Turkey"]
[BlackTeam "Netherlands"]
[WhiteTeamCountry "TUR"]
[BlackTeamCountry "NED"]

1. Nf3 d5 2. d4 e6 3. g3 f5 4. Bg2 Nf6 5. c4 c6 6. Nc3 Bd6 7. c5 Bc7 8. 0-0 0-0 9. Ne5 Bd7 10. Bf4 Be8 11. Qd2 b6 12. b4 a5 13. cxb6 Bxb6 14. a3 Nfd7 15. Na4 Nxe5 16. Bxe5 Nd7 17. Bd6 Rf7 18. Rfc1 Rc8 19. bxa5 Bxa5 20. Qe3 Nf6 21. Qxe6 Bd7 22. Qe3 Ng4 23. Qb3 Bc7 24. Bxc7 Qxc7 25. Bxd5 Nh6 26. Bxf7+ Nxf7 27. e3 Rb8 28. Qc4 Be8 29. Nc5 Rc8 30. Qe6 g6 31. e4 fxe4 32. Nxe4 Kg7 33. Qf6+ Kg8 34. Ng5 Nxg5 35. Qxg5 Rd8 36. Qe5 Qd7 37. Rc4 Bf7 38. Rb4 Re8 39. Rb8 Be6 40. Rxe8+ Qxe8 41. Re1 Kf7 42. a4 1-0

[Event "IECC M-4985"]
[Site "IECC email"]
[Date "2004.03.21"]
[Round "?"]
[White "Van Belle, Coos"]
[Black "Ogun, Akin"]
[Result "0-1"]
[WhiteElo "1494"]
[BlackElo "1324"]
[PlyCount "88"]
[EventDate "2004.??.??"]
[EventType "tourn (corr)"]
[EventRounds "10"]
[SourceTitle "Corr 2020"]
[Source "ChessBase"]
[SourceDate "2019.09.30"]
[SourceVersion "1"]
[SourceVersionDate "2019.09.30"]
[SourceQuality "1"]
[WhiteTeam "Netherlands"]
[BlackTeam "Turkey"]
[WhiteTeamCountry "NED"]
[BlackTeamCountry "TUR"]

1. e4 e5 2. f4 exf4 3. Nf3 d6 4. d4 Nf6 5. Nc3 Bg4 6. Bxf4 Qe7 7. Qd3 c6 8. Be2 Nbd7 9. 0-0 0-0-0 10. e5 dxe5 11. Nxe5 Nxe5 12. Bxe5 Rd7 13. Bxf6 Bxe2 14. Qxe2 gxf6 15. Qxe7 Rxe7 16. Rxf6 Bg7 17. Rf4 Bh6 18. Re4 Rxe4 19. Nxe4 Be3+ 20. Kf1 Bxd4 21. c3 Be5 22. g3 h5 23. Kg2 f5 24. Ng5 Rg8 25. Nf7 Bc7 26. Nh6 Rf8 27. Rf1 f4 28. g4 hxg4 29. Nxg4 Rg8 30. h3 Rg5 31. Rd1 Ra5 32. a3 Rb5 33. Rd2 Bd8 34. Kf3 Rh5 35. Nf2 Bc7 36. Ke4 Re5+ 37. Kf3 Re3+ 38. Kg2 f3+ 39. Kf1 Bg3 40. c4 a5 41. Rd1 Re2 42. Nh1 Bh4 43. b4 axb4 44. axb4 Rc2 0-1